header

Diversity perspectives in European management (Record no. 240202)

MARC details
000 -LEADER
fixed length control field 01091nam a2200277Ia 4500
245 00 - TITLE STATEMENT
Title Diversity perspectives in European management
260 ## - PUBLICATION, DISTRIBUTION, ETC. (IMPRINT)
Place of publication Bradford :
Name of publisher Emerald Group Press,
Year of publication c2007.
300 ## - PHYSICAL DESCRIPTION
Number of Pages 103 p.
490 0# - SERIES STATEMENT
Series statement Women in Management Review ;
650 #0 - SUBJECT ADDED ENTRY--TOPICAL TERM
Topical Term Women executives.
Topical Term Businesswomen.
700 1# - ADDED ENTRY--PERSONAL NAME
Personal name Matlay, Harry.
856 40 - ELECTRONIC LOCATION AND ACCESS
Uniform Resource Identifier http://site.ebrary.com/lib/rucke/Doc?id=10185550

No items available.

© 2026 Rongo University
Contact us: librarian | system librarian | Rongo university